Statistiques concernant Culture Générale - Série 38

Cliquez ici pour prendre le quiz!

Statistiques générales

  • Ce quiz a été pris 416 fois
  • Le résultat moyen est 4 sur 10

Statistiques - réponses

QuestionRéponse% Correct
En cas de vacance de la présidence de la République, qui exerce l'intérim selon l'article 4 de la Constitution ?Président du Senat
61%
Quel est le département français associé au numéro 19 ?Corrèze
57%
Quel est le département français associé au numéro 18 ?Cher
55%
Qui a peint "La naissance de Vénus" ?Sandro Botticelli
45%
Quel pays nommait-on Abyssinie ?Ethiopie
44%
Comment s'appelait l'épée du chevalier Roland à Roncevaux ?Durandal
36%
Dans quel film, Arletty trouve-t-elle qu'elle n'a pas une gueule d'atmosphère ?Hôtel du Nord
29%
Ce sculpteur français prénommé Jean-Baptiste (1714-1785) a donné son nom à un quartier célèbre de ParisPigalle
24%
Au théâtre, les trois coups sont frappés avec un bâton appelé ....Brigadier
19%
Quel nom a pris le Condominium des Nouvelles-Hébrides après son indépendance en 1980 ?Vanuatu
16%

Distribution des résultats

Percentile par nombre de réponses

% des personnes avec chaque résultat

Votre développement - résultats

Vous n’avez pas pris ce quiz